Southville International School and Colleges
Your cart is empty.
  • Cart
  • Lists
    Public lists Eva Luna New books Lux_list list_1
    Your lists Log in to create your own lists
  • Log in to your account
  • Your cookies
  • Search history
Southville International School and Colleges
  • Advanced search
  • Recent comments
  • Most popular
  • Libraries

Log in to your account

Log in with GOOGLE


If you do not have an external account, but do have a local account, you can still log in:

  1. Home
  2. MARC view: Working words in spelling, level H /
Normal view MARC view ISBD view

Working words in spelling, level H / (Record no. 112870)

[ view plain ]
MARC details
000 -LEADER
fixed length control field 00534nam a2200169 a 4500
001 - CONTROL NUMBER
control field 2292
005 - DATE AND TIME OF LATEST TRANSACTION
control field 20140414131954.0
008 - FIXED-LENGTH DATA ELEMENTS--GENERAL INFORMATION
fixed length control field 001115s19uu xx 00 eng d
020 ## - INTERNATIONAL STANDARD BOOK NUMBER
International Standard Book Number 0-669-202455-1
050 ## - LIBRARY OF CONGRESS CALL NUMBER
Classification number TR 421.07
Item number W85 1984
100 ## - MAIN ENTRY--PERSONAL NAME
Personal name Woodruf, G. Williard
245 ## - TITLE STATEMENT
Title Working words in spelling, level H /
Statement of responsibility, etc G. Williard Woodruff, George N. Moore.
260 ## - PUBLICATION, DISTRIBUTION, ETC. (IMPRINT)
Place of publication, distribution, etc Lexington, MA :
Name of publisher, distributor, etc D. C. Heath and Co,
Date of publication, distribution, etc 1981.
300 ## - PHYSICAL DESCRIPTION
Extent 137 p. ; cm.
650 ## - SUBJECT ADDED ENTRY--TOPICAL TERM
Topical term or geographic name as entry element English language -- spelling -- study and teaching.
Holdings
Withdrawn status Lost status Damaged status Home library Current library Shelving location Date acquired Source of acquisition Total Checkouts Full call number Barcode Date last seen Price effective from Koha item type
      Munich Library Munich Library Teachers Reference Section 05/30/2005     TR 421.07 W85 1984 M4278 04/14/2014 04/14/2014 Books

Working words in spelling, level H /

APA

Woodruf G. W., . (1981). Working words in spelling, level H. Lexington, MA: D. C. Heath and Co.

Chicago

Woodruf G Williard, . 1981. Working words in spelling, level H. Lexington, MA: D. C. Heath and Co.

Harvard

Woodruf G. W., . (1981). Working words in spelling, level H. Lexington, MA: D. C. Heath and Co.

MLA

Woodruf G Williard, . Working words in spelling, level H. Lexington, MA: D. C. Heath and Co. 1981.

  • Place hold
  • Print
  • Cite
  • Add to your cart (remove)
  • Save record
    BIBTEX Dublin Core MARCXML MARC (non-Unicode/MARC-8) MARC (Unicode/UTF-8) MARC (Unicode/UTF-8, Standard) MODS (XML) RIS
  • More searches
    Search for this title in:
    Other Libraries (WorldCat) Other Databases (Google Scholar) Online Stores (Bookfinder.com) Open Library (openlibrary.org)

Exporting to Dublin Core...

SOUTHVILLE LIBRARY

Southville International School and Colleges Library

1281 Tropical Ave. Cor. Luxembourg St., BF Homes International, Las Pinas City

Tel. No. 8256374 / 252358 Loc. 117/146

Powered by Koha